000
00278nam a22001217a 4500
020
_a
9789694171715
082
_a
302.23095
100
_a
Zafar Iqbal
245
_a
Mass media,the politics and the politicians
260
_a
Islamabad
_b
HEC
_c
2011
300
_a
234p
942
_c
BK
999
_c
2784
_d
2784